MARC

LEADER 00000nam0a2200000 4500
001 174603
005 20231031164853.0
035 |a (RuTPU)RU\TPU\book\189334 
090 |a 174603 
100 |a 20100130d1963 k y0rusy50 ca 
101 1 |a rus  |c eng 
102 |a RU 
105 |a a z 001zy 
200 1 |a Теория ядерных реакторов  |e [сборник статей]  |e пер. с англ.  |f под ред. Г. Биркхофа, Э. Р. Вигнера 
210 |a Москва  |c Госатомиздат  |d 1963 
215 |a 364 с.  |c черт. 
320 |a Библиография в конце статей 
610 1 |a ядерные реакторы 
610 1 |a типы 
610 1 |a термализация 
610 1 |a излучения 
610 1 |a прохождение 
610 1 |a защита 
610 1 |a резонансное поглощение 
610 1 |a математические проблемы 
610 1 |a диффузионное приближение 
610 1 |a кинетическая теория 
610 1 |a методы Монте-Карло 
610 1 |a инвариантное вложение 
610 1 |a устойчивость 
610 1 |a сборники 
610 1 |a нейтроны 
675 |a 621.384.12  |v 3 
702 1 |a Биркхоф  |b Г.  |g Гаррет  |4 340 
702 1 |a Вигнер  |b Э. Р.  |g Эуген Р.  |4 340 
801 1 |a RU  |b 63413507  |c 20100130 
801 2 |a RU  |b 63413507  |c 20150813  |g RCR 
942 |c BK